| 000 | 00745nam a22002292 4500 | ||
|---|---|---|---|
| 001 | 0000002106 | ||
| 005 | 20151217151840.0 | ||
| 008 | 070402s xx 000 0 eng d | ||
| 020 |
_a0324063733 : _cKES 1,375 |
||
| 040 |
_aKABU _cKABU |
||
| 050 | 0 |
_aHF1416 _b.J35 2001 |
|
| 100 | 1 |
_aJain, Subhash C., _d1942-. _@0000151333 |
|
| 245 | 1 | 0 |
_aInternational marketing cases / _cSubhash C. Jain. |
| 250 | _a6th ed. | ||
| 260 |
_aCincinnati, Ohio : _bSouth-Western, _cc2001. |
||
| 300 |
_aviii, 192 p. : _bill. ; _c26 cm. |
||
| 650 | 0 |
_aExport marketing _xManagement. _@0000151323 |
|
| 650 | 0 |
_aExport marketing _xManagement _xCase studies. _@0000151334 |
|
| 908 | _a070402 | ||
| 950 | _@1 | ||
| 999 |
_c5649 _d5649 |
||